Logo BPK

Biblioteka

Politechniki Koszalińskiej

Optimization Theory : (Rekord nr 17714)

Szczegóły MARC
000 -ETYKIETA REKORDU
podpole kontrolne o stałej długości 00445nam a2200169 i 4500
001 - NUMER KONTROLNY REKORDU
pole kontrolne bg
020 ## - MIĘDZYNARODOWY ZNORMALIZOWANY NUMER KSIĄŻKI - ISBN
ISBN 0471374717
040 ## - ŹRÓDŁO KATALOGOWANIA
Instytucja, która utworzyła rekord BPK
041 ## - KOD JĘZYKA
Kod języka tekstu pol
080 ## - UNIWERSALNA KLASYFIKACJA DZIESIĘTNA - UKD
UKD 519.85
920 ## - Międzynarodowy znormalizowany numer książki – ISBN
ISBN 0-471-37471-7
008 - POLE O STAŁEJ DŁUGOŚCI - DANE KONTROLNE
podpole kontrolne o stałej długości s pl f |000 0 pol
100 1# - NAZWA OSOBOWA
Nazwa osobowa RESTENES, Magnus R.
245 #0 - TYTUŁ/ODPOWIEDZIALNOŚĆ
Tytuł Optimization Theory :
Ciąg dalszy tytułu The Finite Dimensional Case /
Pozostałe elementy strefy tytułu i oznaczenia odpowiedzialności Magnus R. Resstenes.
260 ## - STREFA ADRESU WYDAWNICZEGO
Miejsce wydania New York :
Nazwa wydawcy/dystrybutora John Wiley and Sons,
Data publikacji, dystrybucji/powstania dokumentu 1975.
856 ## - LOKALIZACJA I DOSTĘP DO ELEKTRONICZNYCH DOKUMENTÓW ZDALNYCH
Link (URL) http://koha.tu.koszalin.pl/cgi-bin/koha/opac-detail.pl?biblionumber=17714
Tekst linku Katalog online BPK
942 ## - DODATKOWE ELEMENTY (KOHA)
Typ dokumentu Książka
Egzemplarze
Wycofany Status egzemplarza Uszkodzony Dostępność Lokalizacja stała Lokalizacja bieżąca Miejsce przechowywania Sygnatura Kod kreskowy Typ dokumentu
      Dostępny Biblioteka Politechniki Koszalińskiej Biblioteka Politechniki Koszalińskiej Wypożyczalnia BG 23288 01928075 Książka
© 2023 Biblioteka Politechniki Koszalińskiej :: KOHA